Statistics for Top 10 US States that Produce the Most Coal

Click here to take the quiz!

General Stats

  • This quiz has been taken 13,561 times
    (5,474 since last reset)
  • The average score is 7 of 10

Answer Stats

Tons Mined Trump Margin State % Correct
95,36542.1%West Virginia
82%
39,56729.8%Kentucky
80%
49,8830.7%Pennsylvania
78%
24,8239.0%Texas
76%
38,61020.4%Montana
75%
29,64335.7%North Dakota
73%
304,11845.7%Wyoming
71%
49,563-17.1%Illinois
62%
34,59818.9%Indiana
62%
14,78327.7%Alabama
52%

Score Distribution

Percentile by Number Answered

Percent of People with Each Score

Your Score History

You have not taken this quiz since the last reset